<?xml version="1.0" encoding="UTF-8"?>
<record
    xmlns:xsi="http://www.w3.org/2001/XMLSchema-instance"
    xsi:schemaLocation="http://www.loc.gov/MARC21/slim http://www.loc.gov/standards/marcxml/schema/MARC21slim.xsd"
    xmlns="http://www.loc.gov/MARC21/slim">

  <leader>03346nam a2200565Ia 4500</leader>
  <controlfield tag="001">367</controlfield>
  <controlfield tag="008">241029s9999    xx            000 0 und d</controlfield>
  <datafield tag="010" ind1=" " ind2=" ">
    <subfield code="a">334</subfield>
  </datafield>
  <datafield tag="041" ind1=" " ind2=" ">
    <subfield code="a">Espa&#xF1;ol</subfield>
  </datafield>
  <datafield tag="082" ind1=" " ind2=" ">
    <subfield code="a">INTEC/CyH-0122</subfield>
  </datafield>
  <datafield tag="245" ind1=" " ind2="0">
    <subfield code="a">An&#xE1;lisis sobre la conducta que presentan los/as hijos/as de mujeres v&#xED;ctimas de violencia contra la mujer e intrafamiliar, que asisten a la Orientaci&#xF3;n Psicol&#xF3;gica en la oficina provincial de la Mujer, Santo Domingo. Septiembre 2012.</subfield>
  </datafield>
  <datafield tag="260" ind1=" " ind2=" ">
    <subfield code="a">Distrito Nacional</subfield>
  </datafield>
  <datafield tag="300" ind1=" " ind2=" ">
    <subfield code="a">98</subfield>
  </datafield>
  <datafield tag="520" ind1=" " ind2=" ">
    <subfield code="a">12</subfield>
  </datafield>
  <datafield tag="630" ind1=" " ind2=" ">
    <subfield code="a">Psicolog&#xED;a</subfield>
  </datafield>
  <datafield tag="630" ind1=" " ind2=" ">
    <subfield code="a">Sociedad</subfield>
  </datafield>
  <datafield tag="630" ind1=" " ind2=" ">
    <subfield code="a">Soluci&#xF3;n de Conflictos</subfield>
  </datafield>
  <datafield tag="630" ind1=" " ind2=" ">
    <subfield code="a">Violencia</subfield>
  </datafield>
  <datafield tag="630" ind1=" " ind2=" ">
    <subfield code="a">Violencia Intrafamiliar</subfield>
  </datafield>
  <datafield tag="650" ind1=" " ind2=" ">
    <subfield code="a">Terapia Familiar</subfield>
  </datafield>
  <datafield tag="690" ind1=" " ind2=" ">
    <subfield code="a">Elaborado</subfield>
  </datafield>
  <datafield tag="700" ind1=" " ind2=" ">
    <subfield code="e">asesor</subfield>
    <subfield code="a">Peralta, Gloria</subfield>
  </datafield>
  <datafield tag="700" ind1=" " ind2=" ">
    <subfield code="e">autor</subfield>
    <subfield code="a">Espinal, Carmen Elizabeth</subfield>
  </datafield>
  <datafield tag="901" ind1=" " ind2=" ">
    <subfield code="a">{"1":"Espinal"}</subfield>
    <subfield code="b">{"1":"Carmen Elizabeth"}</subfield>
  </datafield>
  <datafield tag="902" ind1=" " ind2=" ">
    <subfield code="a">1</subfield>
  </datafield>
  <datafield tag="903" ind1=" " ind2=" ">
    <subfield code="a">{"1":"Peralta"}</subfield>
    <subfield code="b">{"1":"Gloria"}</subfield>
  </datafield>
  <datafield tag="904" ind1=" " ind2=" ">
    <subfield code="a">Maestr&#xED;a en</subfield>
  </datafield>
  <datafield tag="905" ind1=" " ind2=" ">
    <subfield code="a">Terapia Familiar</subfield>
  </datafield>
  <datafield tag="906" ind1=" " ind2=" ">
    <subfield code="a">2</subfield>
  </datafield>
  <datafield tag="907" ind1=" " ind2=" ">
    <subfield code="a">NO APLICA</subfield>
  </datafield>
  <datafield tag="908" ind1=" " ind2=" ">
    <subfield code="a">NO APLICA</subfield>
  </datafield>
  <datafield tag="909" ind1=" " ind2=" ">
    <subfield code="a">Instituto Tecnol&#xF3;gico de Santo Domingo (INTEC)</subfield>
  </datafield>
  <datafield tag="910" ind1=" " ind2=" ">
    <subfield code="a">NULL</subfield>
    <subfield code="b">NULL</subfield>
  </datafield>
  <datafield tag="911" ind1=" " ind2=" ">
    <subfield code="a">["1"]</subfield>
  </datafield>
  <datafield tag="912" ind1=" " ind2=" ">
    <subfield code="a">NO APLICA</subfield>
  </datafield>
  <datafield tag="913" ind1=" " ind2=" ">
    <subfield code="a">NULL</subfield>
  </datafield>
  <datafield tag="914" ind1=" " ind2=" ">
    <subfield code="a">01 de Agosto de 2012</subfield>
  </datafield>
  <datafield tag="915" ind1=" " ind2=" ">
    <subfield code="a">10/11/19 07:11</subfield>
  </datafield>
  <datafield tag="916" ind1=" " ind2=" ">
    <subfield code="a">NULL</subfield>
  </datafield>
  <datafield tag="917" ind1=" " ind2=" ">
    <subfield code="a">NULL</subfield>
  </datafield>
  <datafield tag="918" ind1=" " ind2=" ">
    <subfield code="a">NO APLICA</subfield>
  </datafield>
  <datafield tag="919" ind1=" " ind2=" ">
    <subfield code="a">["172","206","186","197","198"]</subfield>
  </datafield>
  <datafield tag="520" ind1=" " ind2=" ">
    <subfield code="a">El objetivo principal de este estudio consisti&#xF3; en analizar las conductas que presentan los/as hijos/as de mujeres v&#xED;ctimas de violencia contra la mujer e intrafamiliar, en la provincia de Santo Domingo. La metodolog&#xED;a aplicada en esta&#xA0;investigaci&#xF3;n&#xA0;consisti&#xF3; en&#xA0;un&#xA0;dise&#xF1;o de tipo&#xA0;descriptivo, con&#xA0;un enfoque cualitativo, no experimental. Se trabaj&#xF3; con t&#xE9;cnicas de entrevistas estructuradas y con el instrumento del cuestionario. La poblaci&#xF3;n del estudio estuvo compuesta por cinco (5) mujeres que han solicitado ayuda psicol&#xF3;gica y legal por sus casos de violencia, con hijos/as en edades de 2 a 13 a&#xF1;os.&#xA0;Los an&#xE1;lisis realizados indicaron que se pudo evidenciar que las conductas manifestadas por los/as&#xA0;hijos/as de mujeres v&#xED;ctimas de violencia, no son simples rabietas en las escuelas y los hogares; se trata de diversas conductas que van da&#xF1;ando la forma del ni&#xF1;o/a. Estas conductas van marcando las pautas de comportamiento, afectando su desarrollo cognitivo, emocional y f&#xED;sico, a&#xFA;n no siendo v&#xED;ctimas directas de la violencia. Los episodios violentos provocan en ellos/as, una percepci&#xF3;n errada de las relaciones de pareja, exponi&#xE9;ndoles a convertirse en agresores o v&#xED;ctimas de la violencia.El estudio propone, fortalecer las Instituciones prestadoras de servicios de ayuda legal y psicol&#xF3;gica a mujeres v&#xED;ctimas de violencia. Para que se denote la importancia de los/as&#xA0;hijos/as de estas y se pueda explicar a la madre como est&#xE1; afectando la violencia, la conducta de sus hijos/as y las consecuencias que esto pueda acarrear en el futuro de sus hijos/as. En lo que se refiere a la intervenci&#xF3;n directa con los/as&#xA0;ni&#xF1;os/as, es importante dar herramientas para visibilizar a estos hijos/as de madres que sufren situaciones como estas.</subfield>
  </datafield>
  <datafield tag="921" ind1=" " ind2=" ">
    <subfield code="a">16</subfield>
  </datafield>
  <datafield tag="922" ind1=" " ind2=" ">
    <subfield code="a">16</subfield>
  </datafield>
  <datafield tag="923" ind1=" " ind2=" ">
    <subfield code="a">0</subfield>
  </datafield>
  <datafield tag="924" ind1=" " ind2=" ">
    <subfield code="a">NO APLICA</subfield>
  </datafield>
  <datafield tag="942" ind1=" " ind2=" ">
    <subfield code="c">Tesis</subfield>
  </datafield>
  <datafield tag="999" ind1=" " ind2=" ">
    <subfield code="c">334</subfield>
    <subfield code="d">334</subfield>
  </datafield>
</record>
